有情有義眷村行 : 眷村徵文作品集

資料類型: Book 圖書   書目號:25330

Leader xxxxxxxxxx
001 __ PCLIS00025330
005 __ 20210901152155.0
010 0_ |a957-00-9808-2|b平裝
022 __ |atw|b030602860221
100 __ |a20001030d1997    m   0chiy09      e
101 0_ |achi
102 __ |atw
200 1_ |a有情有義眷村行|e眷村徵文作品集|f潘國正編
205 __ |a初版
210 __ |a新竹市|c新北市立文化中心|d民86[1997]
215 0_ |a320面|d21公分
301 __ |a030602860221
681 __ |a863.55|b8354
681 __ |a855|b8354
700 _1 |a|b國正|4801 _0 |atw|b內湖高中|c20010622|gCCR
詳細館藏 1-2 筆 (共 2 筆)
索 書 號登 錄 號冊次號館別 / 館藏地流通類型狀態加入預約清單電子資源
855 / 8354 2009893  圖書館 / 一樓普通區 可外借30天 在館   
855 / 8354 2012185  圖書館 / 一樓普通區 可外借30天 在館   

| 條列資料




目錄查詢 分類查詢 個人資料 圖書薦購 新書查詢 閉館日 排行榜 更多電子資源 Hami書城 線上資料庫 登出

From : 216.73.216.116

  本日流通累計至 10:12:00 借閱 : 3 次 續借 : 0 次 歸還 : 7 次 預約 : 0 次 電子資源 : 0 次


內湖高中圖書館  PCLIS 版本  25.5.0.2